| 000 | 00487nam a2200157 4500 | ||
|---|---|---|---|
| 001 | 138515 | ||
| 003 | ES-MaACL | ||
| 005 | 20230906195559.0 | ||
| 007 | t| | ||
| 008 | 070214s1931 sp r ||||1| spa d | ||
| 100 | 1 |
_aSan Miguel de la Cámara, Maximino. _9102284 |
|
| 245 | 1 | 0 |
_aManual de Geología / _cpor el Dr. Maximino San Miguel de la Cámara. |
| 260 |
_aBarcelona : _b[s. n.], _c1931 ( _fLa Neotipia) |
||
| 300 |
_aXVI, 431 p. : _bil. ; _c19 x 12 cm. |
||
| 852 |
_aES-MaACL _jA-3288 |
||
| 999 |
_c138515 _d138515 |
||